000
00290nam a2200097Ia 4500
008
220216s9999 xx 000 0 und d
100
_a
Kaziah Dato Abdul Kadir
245
0
_a
Opportunities and incentives for rubber wood industries in Malaysia
650
_a
Rubber wood industries
942
_c
JS
999
_c
64401
_d
64401